书目信息 |
| 题名: |
摩托车驾驶与维修
|
|
| 作者: | 吴思光 编著 | |
| 分册: | ||
| 出版信息: | 北京 金盾出版社 1996 |
|
| 页数: | 16,266页 | |
| 开本: | 19cm | |
| 丛书名: | ||
| 单 册: | ||
| 中图分类: | U483 | |
| 科图分类: | ||
| 主题词: | 驾驶术-摩托车 , 摩托车--维修 , 摩托车-驾驶术 | |
| 电子资源: | ||
| ISBN: | 7-5082-0197-3 | |
| 000 | 00785nam0 2200265 45 | |
| 001 | 0196036544 | |
| 005 | 20061009105945.93 | |
| 010 | @a7-5082-0197-3@dCNY10.00 | |
| 100 | @a19960808d1996 em y0chiy0121 ea | |
| 101 | 0 | @achi |
| 102 | @aCN@b110000 | |
| 105 | @ay z 000yy | |
| 200 | 10 | @a摩托车驾驶与维修@AMO TUO CHE JIA SHI YU WEI XIU@f吴思光等编著@FWU SI GUANG DENG BIAN ZHU |
| 205 | @a2版 | |
| 210 | @a北京@c金盾出版社@d1996 | |
| 215 | @a16,266页@d19cm | |
| 300 | @a本书原名:摩托车驾驶与维修260问 | |
| 517 | 1 | @a摩托车驾驶与维修260问@AMO TUO CHE JIA SHI YU WEI XIU 260 WEN |
| 606 | @a驾驶术-摩托车 | |
| 606 | @a摩托车@x维修 | |
| 606 | @a摩托车-驾驶术 | |
| 690 | @aU483 | |
| 701 | 0 | @a吴思光@AWU SI GUANG@4编著 |
| 801 | 0 | @aCN@bTSSF@c20061009 |
| 905 | @a10447@dU483@e129=2 | |
| 摩托车驾驶与维修/吴思光等编著.-2版.-北京:金盾出版社,1996 |
| 16,266页;19cm |
| 本书原名:摩托车驾驶与维修260问 |
| ISBN 7-5082-0197-3:CNY10.00 |
| ● |
| 相关链接 |
|
|
|
|
正题名:摩托车驾驶与维修
索取号:U483/129=2
 
预约/预借
| 序号 | 登录号 | 条形码 | 馆藏地/架位号 | 状态 | 备注 |
| 1 | 0494294 | 204942946 | 密集书库/ [索取号:U483/129=2] | 在馆 |